Представление документа в формате RUSMARC

ПолеНазваниеЗначение
  Тип записи i
  Библиографический уровень m
001 Контрольный номер 62e5f6c1edbf403c96521fe91e53c208
005 Дата корректировки 20201216162401.6
010 Индекс ISBN __
a ISBN (В кор.)
d Цена 100-00
100 Данные общей обработки __
a Данные общей обработки 19200525d2010||||||| 0rusy0189 ca
101 Язык документа 0_
a Язык текста rus
102 Страна публикации __
a Страна публикации ru|
102 Страна публикации __
a Страна публикации RU
105 Кодированные данные (монография) __
a Кодированные данные (монография) nn|||||||f|zy
127 Кодированные данные (звукозаписи-физические характеристики) __
a Продолжительность проигрывания 12 ч 18 мин
200 Заглавие и сведения об ответственности 1_
a Заглавие Наполеон
e Сведения, относящиеся к заглавию жизнеописание : [аудиокнига]
f Первые сведения об ответственности Дюма Александр ; исполняет Поздняков Михаил
203 Вид содержания и тип средства __
a Вид содержания Устная речь
c Тип средства аудио
210 Выходные данные __
a Место издания Москва
c Издательство МедиаКнига
d Дата издания 2010
215 Физическое описание __
a Объем 1 электрон. опт. диск (CD-ROM)
d Формат 12 см
225 Серия __
a Серия Аудиокнига
300 Общие примечания __
a Общие примечания Заглавие с этикетки диска
300 Общие примечания __
a Общие примечания Формат записи: MP3
330 Аннотация __
a Аннотация Наполеон Бонапарт - первый император Франции, гениальный полководец и легендарный государственный деятель. Рассвет карьеры Бонапарта наступает в двадцать четыре года, когда он становится бригадным генералом. Следующие годы - годы восхождения новой военной и политической звезды. Триумфальные победы его армии меняют карту Европы, одна за другой страны склоняют головы перед французским лидером. Но только не Россия. Чаяния о мировом господстве рушатся в тяжелых условиях русской зимы, удача оставляет Наполеона, впереди - поражение под Ватерлоо и ссылка на далекий остров Святой Елены. Спустя десятилетие после его смерти Александр Дюма-старший написал историко-биографический роман о человеке, изменившем мир его эпохи. Дюма прослеживает жизненный путь Наполеона между двумя островами - Корсикой и Святой Елены: между солнечным краем, где тот родился, и сумрачным местом кончины в изгнании.
600 Персоналии __
a Персоналии (Фамилия) Наполеон Бонапарт
c Дополнение к имени император французский
f Даты 1769-1821
606 Тематические рубрики __
a Основная рубрика Художественная литература
606 Тематические рубрики __
a Основная рубрика Литература Европы (произведения)
z Хронологическая подрубрика 19 в.
y Географическая подрубрика Франция
610 Ключевые слова __
a Ключевые слова императоры
610 Ключевые слова __
a Ключевые слова полководцы
610 Ключевые слова __
a Ключевые слова французы
610 Ключевые слова __
a Ключевые слова исторические биографии
610 Ключевые слова __
a Ключевые слова биографические романы
610 Ключевые слова __
a Ключевые слова французская литература
610 Ключевые слова __
a Ключевые слова романы
686 Индексы других классификаций __
2 Код системы rubbks
a Классификационный индекс 84(4Фра)52-4я04
700 Автор _1
a Фамилия Дюма
b Имя А.
c Титул (звания) отец
f Даты 1802-1870
g Полное личное имя Александр
4 Код отношения 070
702 Вторичная интеллектуальная ответственность _1
a Фамилия Поздняков
b Имя М.
4 Код отношения Прочие
g Полное личное имя Михаил
4 Код отношения 570
801 Источник записи _0
a Страна ru
b Организация Муниципальное бюджетное учреждение культуры "Централизованная библиотечная система" г. Сургут (Центральная городская библиотека им. А. С. Пушкина)
c Дата составления 20200525
g Правила каталогизации PSBO
801 Источник записи _1
a Страна ru
b Организация Муниципальное бюджетное учреждение культуры "Централизованная библиотечная система" г. Сургут (Центральная городская библиотека им. А. С. Пушкина)
c Дата составления 20200525
g Правила каталогизации PSBO
852 Данные о местонахождении __
j Шифр хранения 84(4Фра)52-4я04
i Авторский знак Д 96
901 Тип документа __
t Тип документа 0
a Ответственный КиК/Котельникова
903 Характеристики (МАРС) __
a Дата передачи 20200525
911 __
u 336a=Устная речь
911 __
u 337a=аудио
969 Тип издания __
a Тип издания аудиокнига
a Тип издания издание для слепых
990 Данные о заказе (DOS) __
j Количество экземпляров (DOS) 1
t N записи в КСУ для И/У (DOS) 202004